[Event "IBCA-ol blind 13th"]
[Site "Heraklion"]
[Date "2008.10.26"]
[Round "7.4"]
[White "Udupa, Srikrishna"]
[Black "Prytz, Tormod"]
[Result "1-0"]
[WhiteElo "2024"]
[BlackElo "1400"]
[PlyCount "71"]
[EventDate "2008.10.19"]
[EventType "team-swiss"]
[EventRounds "9"]
[EventCountry "GRE"]
[SourceTitle "EXT 2010"]
[Source "ChessBase"]
[SourceDate "2010.11.25"]
[SourceVersion "1"]
[SourceVersionDate "2010.11.25"]
[SourceQuality "1"]
[WhiteTeam "India (blind)"]
[BlackTeam "Norway (blind)"]
[WhiteTeamCountry "IND"]
[BlackTeamCountry "NOR"]

1. e4 e5 2. Nf3 Nc6 3. Bb5 a6 4. Ba4 Bc5 5. 0-0 Nf6 6. Qe2 d6 7. c3 0-0 8. h3 b5 9. Bc2 Bb7 10. Rd1 Re8 11. b4 Bb6 12. a4 bxa4 13. Bxa4 Re7 14. d3 h6 15. Nh4 Ne8 16. Nf5 Re6 17. Bb3 Rg6 18. Qh5 Qf6 19. Rf1 Kh7 20. Kh2 Ne7 21. Nh4 c6 22. Nxg6 Qxg6 23. Bxf7 Qxh5 24. Bxh5 Nf6 25. Be2 Rd8 26. Be3 Bxe3 27. fxe3 Rd7 28. Nd2 d5 29. Bf3 d4 30. exd4 exd4 31. c4 Ng6 32. Nb3 Ne5 33. Nc5 Re7 34. Ra5 Bc8 35. Be2 Kg6 36. Nb3 1-0

[Event "IBCA-ol blind 13th"]
[Site "Heraklion"]
[Date "2008.10.19"]
[Round "1.4"]
[White "Udupa, Srikrishna"]
[Black "Avram, Veso"]
[Result "0-1"]
[WhiteElo "2024"]
[BlackElo "2132"]
[PlyCount "98"]
[EventDate "2008.10.19"]
[EventType "team-swiss"]
[EventRounds "9"]
[EventCountry "GRE"]
[SourceTitle "EXT 2010"]
[Source "ChessBase"]
[SourceDate "2010.11.25"]
[SourceVersion "1"]
[SourceVersionDate "2010.11.25"]
[SourceQuality "1"]
[WhiteTeam "India (blind)"]
[BlackTeam "Serbia (blind)"]
[WhiteTeamCountry "IND"]
[BlackTeamCountry "YUG"]

1. e4 c6 2. d4 d5 3. Nc3 dxe4 4. Nxe4 Bf5 5. Ng3 Bg6 6. Nh3 Nf6 7. Nf4 e5 8. dxe5 Qa5+ 9. c3 Qxe5+ 10. Be2 Nbd7 11. h4 0-0-0 12. Qd4 Qxd4 13. cxd4 Nb6 14. h5 Be4 15. Nxe4 Nxe4 16. Be3 Bb4+ 17. Kf1 Bd2 18. Rh3 Rhf8 19. Rd1 Bb4 20. Nd3 Bd6 21. Bg4+ Kc7 22. Bf4 Bxf4 23. Nxf4 Nc4 24. b3 Ncd2+ 25. Kg1 Rxd4 26. Rd3 Rfd8 27. Be2 Rxd3 28. Nxd3 Nc3 29. Rxd2 Nxe2+ 30. Rxe2 Rxd3 31. Re8 Rd1+ 32. Kh2 Rd8 33. Re7+ Rd7 34. Re8 h6 35. g4 c5 36. Kg3 b5 37. Kf4 Kc6 38. Rg8 f6 39. f3 c4 40. bxc4 bxc4 41. Re8 Kc5 42. Rc8+ Kd4 43. Kf5 Re7 44. f4 c3 45. Kg6 Kd3 46. f5 c2 47. g5 hxg5 48. h6 gxh6 49. Kxf6 Re1 0-1